000 00895nam a2200205 4500
010 _aA-349872
035 _aA-349872
037 _bCen Lib / Ret
040 _aDPL
_bEn
082 _a610.3
_bRAM
100 _aS.K. Ramachandra Rao
245 _aEncyclopaedia of Indian medicine /
_cby S. K. Ramachandra Rao
260 _aBombay
_bPopular Prakashan on behalf of Dr. V. Parameshvara Charitable Trust, Bangalore
_c1985
270 _a35C Pandit Madan Mohan Malviya Marg
_bBombay
300 _a(v 1. 483)
_b24cm(Hb)
505 _av. 1. Historical perspective ; v. 2. Basic concepts ; v. 3. Clinical examination and diagnostic methods ; v. 4. Materia medica herbal drugs ; v. 5. Materia medica mineral and metallic drugs ; v. 6. Diseases and their cures.
650 _aMedicine, Ayurvedic -- Dictionaries.
650 _aMedicine, Ayurvedic.
942 _2ddc
_cEN
_h610.3
_mRAM
999 _c136980
_d136980